00173nam a2200073Ia 4500008004100000082001700041100001300058245002800071240331s9999 xx 000 0 und d a200.042bGOD aLogo. ed 0aGod Women and the Bible